Welcome to the Holygrace Academy Library

Please use search bar below to get started

SCIENCE CROSSWORDS (Record no. 6544)

MARC details
000 -LEADER
fixed length control field 00340nam a22001457a 4500
020 ## - INTERNATIONAL STANDARD BOOK NUMBER
ISBN 81-85733-8-0
082 ## - DEWEY DECIMAL CLASSIFICATION NUMBER
Classification number 001
Item number GOY/S
100 ## - MAIN ENTRY--AUTHOR NAME
Personal name GOYAL, JAGVIR
245 ## - TITLE STATEMENT
Title SCIENCE CROSSWORDS
250 ## - EDITION STATEMENT
Edition statement FIRST EDITION
260 ## - PUBLICATION, DISTRIBUTION, ETC. (IMPRINT)
Place of publication CHANDIGARH
Name of publisher ABHISHEK PUBLICATIONS
Year of publication 2003
300 ## - PHYSICAL DESCRIPTION
Number of Pages 157
650 ## - SUBJECT ADDED ENTRY--TOPICAL TERM
Topical Term GENERAL KNOWLEDGE
Geographic subdivision INDIA
942 ## - ADDED ENTRY ELEMENTS (KOHA)
Koha item type Books
Holdings
Withdrawn status Lost status Collection code Home library Current library Shelving location Date acquired Source of acquisition Cost, normal purchase price Full call number Accession Number Koha item type
    G.K Main Library Main Library SHELF-17B-- G.K RELATED QUIZ BOOK 02/10/2006 purchase 95.00 001 GOY/S 01018 Books